[Event "HZ Open"]
[Site "Vlissingen NED"]
[Date "2006.08.07"]
[Round "4"]
[White "Monje Peinado,R"]
[Black "Bezemer,A"]
[Result "0-1"]
[WhiteElo "2066"]
[BlackElo "2346"]
[EventDate "2006.08.05"]

1. d4 Nf6 2. c4 g6 3. Nc3 d5 4. Bf4 Bg7 5. e3 c5 6. dxc5 Qa5 7. Rc1 Ne4 8.
cxd5 Nxc3 9. Qd2 Qxa2 10. Rxc3 Bxc3 11. Qxc3 f6 12. Nf3 Qxd5 13. Bc4 Qf5
14. O-O e5 15. Bh6 Ke7 16. e4 Qh5 17. Bg5 Nc6 18. Bd5 h6 19. Be3 Bh3 20.
Ne1 Bd7 21. Nd3 g5 22. b4 a6 23. Nb2 Qe8 24. Nc4 Qd8 25. Nd6 Qc7 26. Bb3
Rhf8 27. Nc4 Rad8 28. Nb6 Qb8 29. Qc4 Bc8 30. Ra1 Nd4 31. Nd5+ Kf7 32. Bxd4
exd4 33. Qxd4 Kg7 34. Qe3 Qe5 35. Re1 Be6 36. g3 Rf7 37. f4 Qb2 38. Re2
Qa1+ 39. Kg2 Qb1 40. Re1 Qb2+ 41. Re2 Qa1 42. f5 Bxd5 43. Bxd5 Re7 44. Qf3
Qd1 45. Bb3 Qd3 46. Re3 Qd2+ 47. Re2 Qd3 48. Re3 Qd2+ 49. Re2 Qxb4 50. Bd5
Qxc5 51. Qh5 Rxd5 52. Qg6+ Kf8 53. Qxh6+ Ke8 54. Qh5+ Kd7 55. exd5 Qxd5+
56. Kf2 Qxf5+ 57. Ke1 Qb1+ 58. Kf2 Qb6+ 59. Kf1 Rxe2 60. Kxe2 Qe6+ 61. Kd3
b5 62. Qh7+ Kd6 63. Qh8 g4 64. Qb8+ Kc6 65. Qa8+ Kc5 66. Kc3 Qe3+ 67. Kb2
Qe2+ 68. Kc1 Qe3+ 69. Kb1 Qg1+ 70. Kb2 Qxh2+ 71. Kb1 Qg1+ 72. Kb2 Qf2+ 73.
Kb1 Qe1+ 74. Kb2 Qb4+ 75. Kc1 Qc4+ 0-1

[Event "HZ Open"]
[Site "Vlissingen NED"]
[Date "2006.08.07"]
[Round "4"]
[White "Ziska,H"]
[Black "Arp,F"]
[Result "1-0"]
[WhiteElo "2333"]
[BlackElo "2054"]
[EventDate "2006.08.05"]

1. e4 e5 2. Nc3 Nf6 3. Bc4 Be7 4. d3 O-O 5. f4 d6 6. f5 c6 7. Qf3 b5 8. Bb3
b4 9. Nce2 d5 10. g4 dxe4 11. dxe4 h6 12. h4 Kh8 13. g5 Ng8 14. Nh3 Nd7 15.
Qh5 Qe8 16. Be3 Bc5 17. Qf3 Bxe3 18. Qxe3 Qe7 19. Nf2 a5 20. Nd3 Ba6 21. a4
Bxd3 22. cxd3 Nc5 23. Bc4 Rad8 24. b3 Nb7 25. Rg1 Nd6 26. Rc1 Nxc4 27. Rxc4
Qd6 28. Rg3 Rd7 29. Qb6 Rc8 30. Rc5 f6 31. Rxa5 fxg5 32. hxg5 hxg5 33. Qc5
Qh6 34. Qxe5 Qh4 35. Kf1 Rcd8 36. Rc5 Rxd3 37. Kf2 Rxg3 38. Qxg3 Qxe4 39.
Qf3 Qxf3+ 40. Kxf3 Rd3+ 41. Kg2 Rxb3 42. Nd4 Ra3 43. a5 Ne7 44. Re5 Rd3 45.
Rxe7 Rxd4 46. a6 Rd8 47. Rb7 Ra8 48. a7 Kh7 49. Kg3 Kh6 50. Kg4 b3 51. Rxb3
Kh7 52. Rb7 Kh6 53. Rb1 Kh7 54. Ra1 c5 55. Kxg5 c4 56. Kf4 c3 57. Ke3 Kh6
58. Kd3 Kg5 59. Ra5 Kf6 60. Kxc3 Ke7 61. Kd4 Kd7 62. Ke5 Re8+ 63. Kf4 Ra8
64. Kg5 Ke8 1-0

[Event "HZ Open"]
[Site "Vlissingen NED"]
[Date "2006.08.07"]
[Round "4"]
[White "Westerweele,H"]
[Black "Swinkels,R"]
[Result "0-1"]
[WhiteElo "2035"]
[BlackElo "2286"]
[EventDate "2006.08.05"]

1. e4 e5 2. Nf3 Nc6 3. d4 exd4 4. Bc4 Nf6 5. O-O Bc5 6. e5 d5 7. Bb5 Ne4 8.
Nxd4 Bd7 9. Nb3 Bb6 10. Nc3 Nxc3 11. bxc3 Ne7 12. Bd3 Ng6 13. c4 dxc4 14.
Bxc4 Qe7 15. a4 Nxe5 16. Ba3 Qg5 17. a5 Bc6 18. Bd5 O-O-O 19. Bxc6 Rxd1 20.
Raxd1 Nxc6 21. axb6 axb6 22. Rd3 Rd8 23. Re3 Qf5 24. c3 Qc2 25. Nc1 Qa4 0-1

[Event "HZ Open"]
[Site "Vlissingen NED"]
[Date "2006.08.07"]
[Round "4"]
[White "Schuurman,P"]
[Black "Zilverberg,J"]
[Result "1-0"]
[WhiteElo "2219"]
[BlackElo "2031"]
[EventDate "2006.08.05"]

1. Nf3 c5 2. c4 Nc6 3. Nc3 g6 4. g3 Bg7 5. Bg2 d6 6. O-O Rb8 7. e3 e5 8. d4
cxd4 9. exd4 exd4 10. Re1+ Nge7 11. Nd5 O-O 12. Bg5 f6 13. Nxe7+ Nxe7 14.
Bf4 g5 15. Bc1 Nc6 16. Nxd4 Ne5 17. Nb5 Bg4 18. Qd5+ Kh8 19. b3 Qe8 20. Bb2
Qh5 21. Re3 Rfe8 22. Nxd6 Be6 23. Qd1 Bg4 24. f3 Nxf3+ 25. Bxf3 Rxe3 26.
Bxg4 Qg6 27. Bf5 1-0

[Event "HZ Open"]
[Site "Vlissingen NED"]
[Date "2006.08.07"]
[Round "4"]
[White "Swinkels,J"]
[Black "Navarrete Delgado,S"]
[Result "0-1"]
[WhiteElo "2034"]
[BlackElo "2210"]
[EventDate "2006.08.05"]

1. e4 c5 2. Nf3 d6 3. d4 cxd4 4. Nxd4 Nf6 5. Nc3 a6 6. Be3 e5 7. Nb3 Be6 8.
f3 Nbd7 9. Qd2 Be7 10. O-O-O b5 11. g4 O-O 12. Qf2 b4 13. Nd5 Bxd5 14. exd5
a5 15. Kb1 a4 16. Nc1 Qa5 17. Bc4 Rfc8 18. b3 Bd8 19. g5 Ne8 20. f4 Bb6 21.
Bxb6 Nxb6 22. fxe5 Nxc4 23. bxc4 Rxc4 24. Rhf1 Ra7 25. e6 f6 26. gxf6 Nxf6
27. Rd3 Rc8 28. Rf3 Qc5 29. Rf5 Qxf2 30. R1xf2 Ne4 31. Rf7 Rxf7 32. Rxf7
Nd2+ 33. Ka1 Rxc2 34. Nd3 b3 35. axb3 axb3 36. Ra7 Rc8 37. Kb2 Rc2+ 38. Ka1
Kf8 39. Ra8+ Ke7 40. Ra7+ Kf6 41. Rf7+ Kg6 42. Ra7 h6 43. h3 Rc8 44. Nb4
Rc1+ 45. Kb2 Rb1+ 46. Kc3 Ne4+ 47. Kd4 Rd1+ 0-1

[Event "HZ Open"]
[Site "Vlissingen NED"]
[Date "2006.08.07"]
[Round "4"]
[White "Schut,D"]
[Black "Mindeguia Guruceaga,J"]
[Result "0-1"]
[WhiteElo "2016"]
[BlackElo "2199"]
[EventDate "2006.08.05"]

1. e4 e5 2. Nf3 Nc6 3. Bb5 f5 4. d3 fxe4 5. dxe4 Nf6 6. O-O Bc5 7. Qe2 Qe7
8. Bg5 O-O 9. Nc3 d6 10. Nd5 Qf7 11. Rad1 Nxd5 12. Bc4 Kh8 13. Bxd5 Qg6 14.
Bxc6 bxc6 15. Be7 Re8 16. Bh4 Bg4 17. Bg3 Rf8 18. Qc4 Rab8 19. Rb1 Bxf3 20.
gxf3 Rxf3 21. b4 Bb6 22. Qxc6 Rbf8 23. Kh1 Qf7 24. Rb3 h5 25. c4 Bd4 26.
Qd5 Qf6 27. Qc6 h4 0-1

[Event "HZ Open"]
[Site "Vlissingen NED"]
[Date "2006.08.07"]
[Round "4"]
[White "Sijpkens,M"]
[Black "Schut,L"]
[Result "1-0"]
[WhiteElo "2198"]
[BlackElo "1971"]
[EventDate "2006.08.05"]

1. e4 c5 2. Nf3 d6 3. d4 cxd4 4. Nxd4 Nf6 5. Nc3 g6 6. Be3 Bg7 7. f3 Nc6 8.
Qd2 O-O 9. Bc4 Bd7 10. O-O-O Rb8 11. h4 Ne5 12. Bb3 b5 13. Bg5 Nc4 14. Qe2
Qa5 15. Bxf6 exf6 16. Nd5 Rfc8 17. h5 f5 18. hxg6 hxg6 19. Qf2 Rc5 20. g4
fxg4 21. fxg4 Qd8 22. Rhf1 Qf8 23. Qf3 Rb7 24. c3 a5 25. Nc2 Be6 26. Bxc4
bxc4 27. Nce3 Bh6 28. Kb1 Bxe3 29. Nf6+ Kg7 30. Qxe3 Qb8 31. Rd2 d5 32. Qh3
Kf8 33. exd5 Bxd5 34. Nd7+ 1-0

[Event "HZ Open"]
[Site "Vlissingen NED"]
[Date "2006.08.07"]
[Round "4"]
[White "Oosterom,E"]
[Black "Roggeveen,W"]
[Result "1-0"]
[WhiteElo "2194"]
[BlackElo "1966"]
[EventDate "2006.08.05"]

1. d4 d5 2. c4 e6 3. Nf3 c6 4. Nc3 dxc4 5. e3 b5 6. a4 Bb4 7. Bd2 a5 8.
axb5 Bxc3 9. Bxc3 cxb5 10. b3 Bb7 11. bxc4 b4 12. Bb2 Nf6 13. Bd3 O-O 14.
O-O Nbd7 15. Nd2 Qc7 16. f4 Qc6 17. e4 a4 18. Qe2 Rfd8 19. e5 Ne8 20. f5 a3
21. fxe6 Qxe6 22. Bc1 g6 23. Nb3 Ba6 24. Bf4 Nb6 25. Nc5 Qe7 26. Nxa6 Rxa6
27. c5 Ra4 28. cxb6 b3 29. e6 b2 30. exf7+ Qxf7 31. Rae1 Qd5 32. Bh6 Qxd4+
33. Kh1 Nf6 34. Qe6+ Kh8 35. Rxf6 Raa8 36. b7 Rab8 37. Rf7 Rg8 38. Qe7 Rxb7
39. Rxh7+ 1-0

[Event "HZ Open"]
[Site "Vlissingen NED"]
[Date "2006.08.07"]
[Round "4"]
[White "Sparreboom,W"]
[Black "Sprangers,R"]
[Result "0-1"]
[WhiteElo "1997"]
[BlackElo "2182"]
[EventDate "2006.08.05"]

1. d4 Nf6 2. c4 e6 3. Nc3 Bb4 4. Qc2 d5 5. Bg5 c6 6. e3 Nbd7 7. a3 Be7 8.
Nf3 b6 9. cxd5 exd5 10. Ne5 Nxe5 11. dxe5 Nd7 12. Bxe7 Qxe7 13. f4 f6 14.
Bd3 fxe5 15. fxe5 Nxe5 16. O-O-O Nxd3+ 17. Qxd3 O-O 18. Rhf1 Bg4 19. Rde1
Rae8 20. Rxf8+ Rxf8 21. Qd2 Qe5 22. h3 Bh5 23. Ne2 Rf2 24. Qd4 Qxd4 25.
Nxd4 Bg6 26. Re2 Rxe2 27. Nxe2 Be4 28. g3 Bf5 29. Nd4 Bd7 30. h4 Kf7 31.
Kd2 Kf6 32. Kd3 c5 33. Nf3 Bg4 34. Nh2 Bf5+ 0-1

[Event "HZ Open"]
[Site "Vlissingen NED"]
[Date "2006.08.07"]
[Round "4"]
[White "Reyniers,P"]
[Black "Jimenez Martin,G"]
[Result "0-1"]
[WhiteElo "1964"]
[BlackElo "2133"]
[EventDate "2006.08.05"]

1. Nc3 d5 2. e4 dxe4 3. Nxe4 Nf6 4. Nxf6+ gxf6 5. d4 c6 6. Bc4 Bf5 7. Nf3
e6 8. Nh4 Bg6 9. Nxg6 hxg6 10. Be3 Qd6 11. Qd2 Rxh2 12. O-O-O Rxh1 13. Rxh1
Nd7 14. Rh7 Nb6 15. Bb3 Nd5 16. c4 Nxe3 17. fxe3 Qd7 18. Qf2 f5 19. Bc2
O-O-O 20. c5 Qe7 21. Qf4 Qf6 22. g4 g5 23. Qf3 f4 24. Be4 Kb8 25. b4 e5 26.
d5 cxd5 27. Bxd5 e4 28. Qxe4 Qc3+ 29. Kb1 Bg7 30. Rxg7 Qxg7 31. exf4 Qf6
32. f5 Qc3 33. Bb3 Qd4 34. Qxd4 Rxd4 35. Bxf7 Rxb4+ 36. Kc2 Rxg4 37. Be6
Rf4 38. Kd3 Kc7 39. Ke3 Kc6 40. Bc8 Kxc5 41. Bxb7 Rxf5 42. Ke4 Rf2 43. Bd5
Kb4 44. Ke3 Rf5 45. Be6 Re5+ 0-1

[Event "HZ Open"]
[Site "Vlissingen NED"]
[Date "2006.08.07"]
[Round "4"]
[White "Van Gemert,R"]
[Black "Bodicker,R"]
[Result "0-1"]
[WhiteElo "1725"]
[BlackElo "2111"]
[EventDate "2006.08.05"]

1. Nf3 Nf6 2. d4 e6 3. Bg5 c5 4. e3 Be7 5. Nbd2 cxd4 6. exd4 Nc6 7. c4 O-O
8. Bd3 d6 9. Rc1 Qa5 10. Bf4 e5 11. Bg5 e4 12. Bxf6 exf3 13. Bxe7 fxg2 14.
Rg1 Re8 15. Rxg2 Rxe7+ 16. Kf1 Bh3 17. d5 Bxg2+ 18. Kxg2 Ne5 19. Bb1 Rae8
20. Rc3 Ng6 21. Qg4 Re2 22. Bxg6 fxg6 23. Nb3 Qd8 24. Qg3 R2e5 25. Re3 Rxe3
26. fxe3 Qe7 27. Kf2 Qf6+ 28. Kg1 Rf8 29. Qg2 Qe5 30. e4 Rf4 31. Na5 Qd4+
0-1

[Event "HZ Open"]
[Site "Vlissingen NED"]
[Date "2006.08.08"]
[Round "5"]
[White "Erenburg,S"]
[Black "Li Shilong"]
[Result "1/2-1/2"]
[WhiteElo "2585"]
[BlackElo "2540"]
[EventDate "2006.08.05"]

1. e4 e6 2. d4 d5 3. Nd2 Nf6 4. e5 Nfd7 5. Bd3 c5 6. c3 Nc6 7. Ne2 cxd4 8.
cxd4 f6 9. exf6 Nxf6 10. Nf3 Bd6 11. O-O Qc7 12. Bg5 O-O 13. Bh4 Nh5 14.
Qc2 h6 15. Bh7+ Kh8 16. Bg6 Rxf3 17. Bxh5 Bxh2+ 18. Kh1 Rf5 19. Bg6 Bd6 20.
Bxf5 exf5 21. Rae1 Qf7 22. Bg3 Bb4 23. Rd1 Bd7 24. Rd3 f4 25. Nxf4 Bf5 26.
Qd1 g5 27. Ne2 Bxd3 28. Qxd3 Re8 29. Nc3 Bf8 30. f3 a6 31. Re1 Rxe1+ 32.
Bxe1 Bg7 33. Ne2 g4 34. Bc3 gxf3 35. Qxf3 Qxf3 36. gxf3 Kh7 37. Kg2 Kg6 38.
Nf4+ Kf5 39. Nxd5 Bxd4 40. Bd2 Bg7 41. b3 h5 42. Kh3 Nd4 43. Bc3 Ne6 44.
Bxg7 Nxg7 45. Kh4 Ke5 46. Nb6 Kf4 47. Nd7 a5 48. Nb6 Nf5+ 49. Kxh5 Nd4 50.
Kg6 Kxf3 51. Kf6 Ke4 52. Nc4 b5 53. Nxa5 b4 54. Nc4 Kd3 55. a3 1/2-1/2

[Event "HZ Open"]
[Site "Vlissingen NED"]
[Date "2006.08.08"]
[Round "5"]
[White "Barua,D"]
[Black "Gurevich,M"]
[Result "1/2-1/2"]
[WhiteElo "2453"]
[BlackElo "2643"]
[EventDate "2006.08.05"]

1. e4 d6 2. d4 g6 3. Nc3 Bg7 4. Be3 a6 5. f4 b5 6. Bd3 Bb7 7. Nf3 b4 8. Ne2
Nf6 9. Ng3 O-O 10. Qd2 c5 11. c3 Ng4 12. Bg1 bxc3 13. bxc3 cxd4 14. cxd4 e5
15. fxe5 Nc6 16. h3 Ngxe5 17. dxe5 Nxe5 18. Rb1 Nxd3+ 19. Qxd3 Qa5+ 20. Kf1
Bc6 21. Bb6 Bb5 22. Bxa5 Bxd3+ 23. Kf2 Bxb1 24. Rxb1 Rab8 25. Rb3 Rxb3 26.
axb3 Rb8 27. Nd2 d5 28. exd5 Rb5 29. Nc4 Rxd5 30. Ne4 f5 31. Ned2 Bf6 32.
Ke2 Kf7 33. Bc7 Ke6 34. Ne3 Rd7 35. Ba5 h5 36. b4 f4 37. Nb3 fxe3 38. Nc5+
Kd6 39. Nxd7 Kxd7 40. Kxe3 Kc6 41. g4 hxg4 42. hxg4 Kb5 43. Ke4 Bc3 44. Kd5
Bxb4 45. Bd8 Ba5 46. Bf6 Bd2 47. g5 a5 48. Ke6 a4 49. Kf7 a3 50. Kxg6 Bc1
51. Be7 a2 52. Bf6 Kb4 53. Kf5 Ka3 54. g6 Bb2 55. Bxb2+ Kxb2 56. g7 a1=Q
57. g8=Q 1/2-1/2

[Event "HZ Open"]
[Site "Vlissingen NED"]
[Date "2006.08.08"]
[Round "5"]
[White "Delemarre,J"]
[Black "Krasenkow,M"]
[Result "0-1"]
[WhiteElo "2471"]
[BlackElo "2635"]
[EventDate "2006.08.05"]

1. d4 Nf6 2. c4 g6 3. Nc3 d5 4. Nf3 Bg7 5. Bg5 Ne4 6. cxd5 Nxg5 7. Nxg5 e6
8. Qd2 h6 9. Nh3 exd5 10. Nf4 O-O 11. e3 Re8 12. Be2 c6 13. O-O Bf8 14. Nd3
Bf5 15. Rac1 Nd7 16. Na4 Nf6 17. Nac5 Qc7 18. f4 Bxc5 19. Nxc5 Qe7 20. Bf3
Rac8 21. Rc3 b6 22. Nb3 a5 23. Nc1 c5 24. dxc5 bxc5 25. Ra3 a4 26. Ne2 Rcd8
27. h3 h5 28. Ng3 Bd7 29. Rc1 Bb5 30. Qa5 Rb8 31. f5 Qe5 32. Rxc5 Bc4 33.
Qc3 Qxc3 34. Rxc3 Rxb2 35. fxg6 fxg6 36. e4 h4 37. Nh1 Nxe4 38. a3 Nxc3 0-1

[Event "HZ Open"]
[Site "Vlissingen NED"]
[Date "2006.08.08"]
[Round "5"]
[White "Iordachescu,V"]
[Black "Khmelniker,I"]
[Result "1/2-1/2"]
[WhiteElo "2603"]
[BlackElo "2461"]
[EventDate "2006.08.05"]

1. e4 e5 2. Nf3 Nc6 3. Bb5 a6 4. Ba4 Nf6 5. d3 d6 6. c3 g6 7. Bg5 Bg7 8.
Nbd2 h6 9. Bh4 O-O 10. Nf1 b5 11. Bc2 Qd7 12. Ne3 Nh5 13. d4 exd4 14. cxd4
Nf4 15. O-O Bb7 16. Re1 Rae8 17. Qd2 Nb8 18. Nf1 Qg4 19. Ne3 Qc8 20. Nf1
Qg4 21. Ne3 Qc8 22. d5 Bxb2 23. Nf5 gxf5 24. Qxf4 fxe4 25. Bf6 Bxf6 26.
Qxf6 Qg4 1/2-1/2

[Event "HZ Open"]
[Site "Vlissingen NED"]
[Date "2006.08.08"]
[Round "5"]
[White "Spoelman,W"]
[Black "Nijboer,F"]
[Result "0-1"]
[WhiteElo "2461"]
[BlackElo "2598"]
[EventDate "2006.08.05"]

1. e4 c5 2. Nf3 Nc6 3. d4 cxd4 4. Nxd4 Nf6 5. Nc3 d6 6. Bg5 e6 7. Qd2 a6 8.
O-O-O Bd7 9. f4 h6 10. Bh4 g5 11. fxg5 Ng4 12. Be2 Nge5 13. Nf3 Be7 14.
Rhg1 b5 15. Rdf1 b4 16. Nd1 hxg5 17. Bxg5 Bxg5 18. Nxg5 Qa5 19. Kb1 b3 20.
Qxa5 bxc2+ 21. Kxc2 Nxa5 22. h3 Bb5 23. Bxb5+ axb5 24. a3 Nac4 25. Rf2 Rc8
26. Nc3 Rh5 27. Nf3 Nxb2 28. Nxe5 Na4 29. Nxf7 Rxc3+ 30. Kb1 Ke7 31. e5
dxe5 32. Re1 Rc5 33. h4 e4 34. g3 Nc3+ 35. Kb2 Rhd5 36. Kb3 Rd3 37. Ng5
Rxg5 0-1

[Event "HZ Open"]
[Site "Vlissingen NED"]
[Date "2006.08.08"]
[Round "5"]
[White "Ikonnikov,Vy"]
[Black "Roeder,M"]
[Result "1-0"]
[WhiteElo "2587"]
[BlackElo "2423"]
[EventDate "2006.08.05"]

1. d4 Nf6 2. c4 e6 3. Nc3 Bb4 4. Qc2 d5 5. a3 Bxc3+ 6. Qxc3 Ne4 7. Qc2 O-O
8. Nf3 b6 9. e3 Bb7 10. Bd3 Nd7 11. O-O c5 12. b4 Ndf6 13. dxc5 bxc5 14.
Bb2 dxc4 15. Bxc4 cxb4 16. axb4 Rc8 17. Qe2 Nd5 18. Rfc1 a6 19. Bd4 Qe7 20.
Qb2 f6 21. Qb3 Rfd8 22. Rc2 Kh8 23. Rb1 e5 24. Bc5 Nxc5 25. bxc5 Ba8 26.
Bxa6 Rxc5 27. Rxc5 Qxc5 28. Rd1 Rf8 29. Bc4 Nb6 30. Be6 Bc6 31. Qb1 Nd5 32.
Rc1 Nc3 33. Qc2 Rd8 34. Ne1 Ne2+ 35. Kf1 Qd6 36. Kxe2 Bb5+ 37. Bc4 Rc8 38.
Bxb5 Rxc2+ 39. Rxc2 g6 40. Bd3 f5 41. e4 Qd4 42. Nf3 Qa4 43. Nd2 Qd7 44. h3
Kg7 45. Rc5 Qd6 46. Rd5 Qe6 47. Ra5 fxe4 48. Nxe4 Qb6 49. Rb5 Qe6 50. Rb7+
Kh8 51. Rxh7+ 1-0

[Event "HZ Open"]
[Site "Vlissingen NED"]
[Date "2006.08.08"]
[Round "5"]
[White "Kohlweyer,B"]
[Black "L'Ami,E"]
[Result "0-1"]
[WhiteElo "2419"]
[BlackElo "2586"]
[EventDate "2006.08.05"]

1. d4 Nf6 2. c4 g6 3. Nc3 d5 4. Nf3 Bg7 5. Bf4 O-O 6. Rc1 dxc4 7. e4 Bg4 8.
Bxc4 Nh5 9. Be3 Bxf3 10. Qxf3 Bxd4 11. O-O c5 12. e5 Nc6 13. e6 f5 14. Rfd1
Qb8 15. Bxd4 Nxd4 16. Qd5 Rc8 17. g3 b5 18. Bf1 Nf6 19. Qh1 Qb6 0-1

[Event "HZ Open"]
[Site "Vlissingen NED"]
[Date "2006.08.08"]
[Round "5"]
[White "Stellwagen,D"]
[Black "Perez,Rod"]
[Result "1/2-1/2"]
[WhiteElo "2575"]
[BlackElo "2406"]
[EventDate "2006.08.05"]

1. e4 e5 2. Nf3 Nf6 3. Nxe5 d6 4. Nf3 Nxe4 5. d4 d5 6. Bd3 Be7 7. O-O Bf5
8. Re1 Nc6 9. c4 Nb4 10. Bf1 O-O 11. a3 Nc6 12. Nc3 Nxc3 13. bxc3 Bf6 14.
Bf4 dxc4 15. Bxc4 Qd7 16. Ng5 Bxg5 17. Bxg5 Rfe8 18. Qf3 Na5 19. Ba2 b5 20.
Re5 Be6 21. Bxe6 fxe6 22. Rae1 c6 23. Qg4 Nc4 24. Rxe6 Rxe6 25. Rxe6 Re8
26. Rxe8+ Qxe8 27. h4 h5 28. Qf5 Nxa3 29. d5 Nc4 1/2-1/2

[Event "HZ Open"]
[Site "Vlissingen NED"]
[Date "2006.08.08"]
[Round "5"]
[White "Henrichs,T"]
[Black "Karasik,E"]
[Result "1-0"]
[WhiteElo "2491"]
[BlackElo "2289"]
[EventDate "2006.08.05"]

1. d4 Nf6 2. Nf3 c5 3. d5 b5 4. Bg5 d6 5. Bxf6 exf6 6. e4 a6 7. a4 b4 8.
Bd3 g6 9. Nbd2 a5 10. O-O Bg7 11. Bb5+ Kf8 12. Nc4 h5 13. Qd3 h4 14. Nfd2
Ra7 15. f4 h3 16. g3 Kg8 17. Rae1 Rh5 18. Qf3 Na6 19. g4 Rh4 20. f5 g5 21.
Qg3 Bf8 22. Nb3 Nc7 23. Nbxa5 Nxb5 24. Nc6 Qc7 25. axb5 Rb7 26. Na7 Bd7 27.
Ra1 Bxb5 28. Nxb5 Rxb5 29. Ra6 Rb8 30. Rfa1 Rd8 31. Ra7 Qb8 32. b3 Re8 33.
Qf3 Rd8 34. R1a6 Qb5 35. Kf2 Qe8 36. Qe2 Rd7 37. Ra8 Rd8 38. Rxd8 Qxd8 39.
Kf3 Qe8 40. Qe1 Kg7 41. Qg3 Qc8 42. Ra4 Qb8 43. Qe1 Qe8 44. Ra7 Kg8 45. Qg3
Qb8 46. Ra1 Kg7 47. Ke3 Kg8 48. Kd2 Qe8 49. Qf3 Kg7 50. Kc1 Kg8 51. Kb2 Kg7
52. Ra6 Kg8 53. Kb1 Kg7 54. e5 dxe5 55. Qe4 Rh8 56. d6 Qd7 57. Rb6 Bxd6 58.
Rxd6 Qa7 59. Nb6 c4 60. Qxc4 Qa5 61. Qd5 Qa3 62. Rxf6 Kxf6 63. Nc4 Re8 64.
Qc6+ 1-0

[Event "HZ Open"]
[Site "Vlissingen NED"]
[Date "2006.08.08"]
[Round "5"]
[White "Ouwendijk,V"]
[Black "Landa,K"]
[Result "0-1"]
[WhiteElo "2210"]
[BlackElo "2584"]
[EventDate "2006.08.05"]

1. e4 c6 2. d4 d5 3. Nc3 dxe4 4. Nxe4 Bf5 5. Ng3 Bg6 6. Nf3 Nd7 7. h4 h6 8.
h5 Bh7 9. Bd3 Bxd3 10. Qxd3 e6 11. Bf4 Qa5+ 12. Bd2 Bb4 13. c3 Be7 14. c4
Qc7 15. O-O-O Ngf6 16. Ne4 b5 17. Nxf6+ Nxf6 18. cxb5 cxb5+ 19. Kb1 Qb7 20.
Rde1 Rd8 21. Ba5 Rd5 22. Rc1 Bd6 23. Nd2 O-O 24. Qf3 Qa8 25. Nb3 Rxh5 26.
Qxa8 Rxa8 27. Rxh5 Nxh5 28. Rc6 Bf8 29. g3 Nf6 30. f3 Nd5 31. Nc5 g5 32.
Kc2 h5 33. Kd3 h4 34. gxh4 gxh4 35. Nd7 Bb4 36. Nf6+ Kg7 37. Nxd5 Bxa5 38.
Nf4 Rh8 39. Nh3 Bb6 40. Rd6 Kf8 41. Rd7 Rg8 42. Ke4 Rg3 43. Nf4 Rg1 44. Ke5
Ke8 45. Rb7 Rc1 46. Kd6 Kf8 47. Nh5 Rc8 48. Ke5 h3 49. f4 h2 50. Ng3 Rd8
51. Ke4 Rxd4+ 52. Kf3 Rd3+ 0-1

[Event "HZ Open"]
[Site "Vlissingen NED"]
[Date "2006.08.08"]
[Round "5"]
[White "Mindeguia Guruceaga,J"]
[Black "Van der Wiel,J"]
[Result "0-1"]
[WhiteElo "2199"]
[BlackElo "2508"]
[EventDate "2006.08.05"]

1. d4 Nf6 2. Nc3 d5 3. Bg5 c6 4. Qd3 Qa5 5. f3 Na6 6. Bxf6 gxf6 7. e4 Bh6
8. Nge2 dxe4 9. fxe4 f5 10. Qh3 Bg5 11. e5 Nb4 12. Kd1 Nd5 13. Qh5 Be3 14.
Qf3 Be6 15. Nb1 Bh6 16. Nbc3 O-O-O 17. g3 Ne3+ 0-1

[Event "HZ Open"]
[Site "Vlissingen NED"]
[Date "2006.08.08"]
[Round "5"]
[White "Sprangers,R"]
[Black "Michiels,B"]
[Result "0-1"]
[WhiteElo "2182"]
[BlackElo "2455"]
[EventDate "2006.08.05"]

1. e4 c5 2. Nf3 Nc6 3. b3 e6 4. Bb2 d6 5. g3 Nf6 6. d3 d5 7. Nbd2 Be7 8.
Bg2 d4 9. O-O O-O 10. e5 Nd5 11. Re1 b6 12. Ne4 Bb7 13. h4 Qc7 14. Bc1 Rfd8
15. Bg5 Rab8 16. Bh3 h6 17. Bd2 Nxe5 18. Nxe5 Qxe5 19. Nxc5 Qd6 20. Nxb7
Rxb7 21. Re4 Bf6 22. Qh5 Rc7 23. Rae1 Kf8 24. Bxe6 fxe6 25. Rxe6 Qd7 26.
Bc1 Qf7 27. Qf5 b5 28. Qh7 Re7 29. Rxe7 Bxe7 0-1

[Event "HZ Open"]
[Site "Vlissingen NED"]
[Date "2006.08.08"]
[Round "5"]
[White "Freeke,M"]
[Black "Garbisu de Goni,U"]
[Result "1-0"]
[WhiteElo "2176"]
[BlackElo "2444"]
[EventDate "2006.08.05"]

1. d4 f5 2. Nc3 Nf6 3. Bg5 d5 4. Bxf6 exf6 5. e3 Nc6 6. Qf3 Be6 7. Bb5 Qd7
8. Nge2 a6 9. Ba4 Rd8 10. Nf4 Bf7 11. a3 g6 12. O-O-O b5 13. Bb3 Ne7 14. h3
c6 15. g4 Bh6 16. Nd3 O-O 17. Nc5 Qc8 18. Kb1 a5 19. a4 bxa4 20. N3xa4 Qc7
21. Rhg1 Kh8 22. Nd3 Be6 23. Nac5 Bc8 24. Qe2 Rde8 25. f4 Bg7 26. Qf2 Ng8
27. c3 g5 28. Bc2 Nh6 29. Qf3 Re4 30. Nf2 Re7 31. Rde1 gxf4 32. exf4 Rfe8
33. Rxe7 Qxe7 34. g5 Ng8 35. g6 Qe2 36. Qg3 Re3 37. Qh4 h6 38. Nfd3 Re7 39.
Re1 Qd2 40. Rxe7 Nxe7 41. Ne5 Kg8 42. Ba4 Qe2 43. Bxc6 Nxc6 44. Nxc6 Ba6
45. Nxa5 Bd3+ 46. Ka2 Bc2 47. Qg3 Bf8 48. Qg1 Qb5 49. b4 Qe2 50. Qc1 Bd6
51. Nab3 Qf2 52. Qd2 Qxd2 53. Nxd2 Bxf4 54. Nf3 Be4 55. Ne1 Bg3 56. Ned3 f4
57. b5 f3 58. b6 f2 59. Nxf2 Bxf2 60. b7 Bg3 61. Nd7 f5 62. Ne5 1-0

[Event "HZ Open"]
[Site "Vlissingen NED"]
[Date "2006.08.08"]
[Round "5"]
[White "Pedersen,Stef"]
[Black "Sijpkens,M"]
[Result "1/2-1/2"]
[WhiteElo "2436"]
[BlackElo "2198"]
[EventDate "2006.08.05"]

1. e4 e5 2. Nf3 Nc6 3. Bb5 a6 4. Ba4 Nf6 5. d3 d6 6. Nc3 Be7 7. Nd5 b5 8.
Bb3 Na5 9. Nxe7 Qxe7 10. h3 Nxb3 11. axb3 O-O 12. O-O Bb7 13. Nh4 d5 14.
exd5 Nxd5 15. Qg4 Bc8 16. Qe4 Be6 17. Nf3 f6 18. d4 Nb4 19. Bd2 a5 20. dxe5
c5 21. Bxb4 cxb4 22. Nd4 Bf7 23. e6 Bg6 24. Qe3 Ra6 25. f4 Rd8 26. f5 Be8
27. c3 bxc3 28. bxc3 b4 29. cxb4 Qxb4 30. Rf4 Rad6 31. Nc2 Qb5 32. e7 R8d7
33. Re1 Qb6 34. Qxb6 Rxb6 35. Rd4 Kf7 36. Rxd7 Bxd7 37. Nd4 Rb7 38. Kf2 Be8
39. Ra1 Rb4 40. Ke3 a4 41. bxa4 Rxa4 42. Rxa4 Bxa4 43. Kf4 1/2-1/2

[Event "HZ Open"]
[Site "Vlissingen NED"]
[Date "2006.08.08"]
[Round "5"]
[White "Beeke,B"]
[Black "Zambrana,O"]
[Result "0-1"]
[WhiteElo "2166"]
[BlackElo "2429"]
[EventDate "2006.08.05"]

1. e4 c5 2. Nf3 Nc6 3. d4 cxd4 4. Nxd4 Nf6 5. Nc3 e5 6. Ndb5 d6 7. Bg5 a6
8. Na3 b5 9. Bxf6 gxf6 10. Nd5 f5 11. c3 Bg7 12. exf5 Bxf5 13. Nc2 Be6 14.
g3 O-O 15. Bg2 a5 16. O-O f5 17. Qh5 Rb8 18. Rad1 Qd7 19. Rd2 e4 20. Nce3
Ne7 21. Rfd1 Nxd5 22. Nxd5 Be5 23. Kh1 Kh8 24. a3 Qg7 25. f4 exf3 26. Qxf3
f4 27. gxf4 Bxd5 28. Qxd5 Rxf4 29. Rd3 Rh4 30. h3 Qh6 31. Rf1 Rg8 32. Rdf3
Rhg4 0-1

[Event "HZ Open"]
[Site "Vlissingen NED"]
[Date "2006.08.08"]
[Round "5"]
[White "Plukkel,S"]
[Black "Roy Chowdhury,S"]
[Result "0-1"]
[WhiteElo "2148"]
[BlackElo "2394"]
[EventDate "2006.08.05"]

1. d4 Nf6 2. c3 b6 3. Bg5 e6 4. Nd2 Bb7 5. f4 h6 6. Bxf6 Qxf6 7. e3 c5 8.
Qg4 cxd4 9. exd4 Bd6 10. Nh3 Be7 11. Bd3 Qh4+ 12. Qxh4 Bxh4+ 13. Kf1 O-O
14. Rg1 Nc6 15. g4 Be7 16. Ke2 f6 17. Nf3 d5 18. Rae1 Bd6 19. Kd1 Bc8 20.
Nh4 g5 21. Ng6 Re8 22. fxg5 hxg5 23. Nf2 Bd7 24. h4 gxh4 25. Nxh4 Kg7 26.
Ng6 Ne7 27. Nxe7 Bxe7 28. Rh1 Rh8 29. Nh3 Bd6 30. Ref1 Rad8 31. Nf2 Bh2 32.
Ke2 Rh4 33. Kf3 Rdh8 34. Kg2 e5 35. dxe5 fxe5 36. Be2 e4 37. Nh3 Be5 38.
Nf2 Rh2+ 39. Kg1 e3 40. Rxh2 Bxh2+ 0-1

[Event "HZ Open"]
[Site "Vlissingen NED"]
[Date "2006.08.08"]
[Round "5"]
[White "Berg,K"]
[Black "Oosterom,E"]
[Result "1-0"]
[WhiteElo "2393"]
[BlackElo "2194"]
[EventDate "2006.08.05"]

1. e4 e5 2. Nf3 Nc6 3. Nc3 Nf6 4. Bb5 Bb4 5. O-O O-O 6. d3 d6 7. Bxc6 bxc6
8. Ne2 Re8 9. c3 Bc5 10. Ng3 d5 11. Qa4 dxe4 12. dxe4 Bd7 13. Nh4 Ng4 14.
Nhf5 g6 15. Nh6+ Nxh6 16. Bxh6 Qf6 17. Bd2 Rad8 18. Be3 Bb6 19. Rad1 Qe7
20. Rfe1 c5 21. Qc2 Be6 22. Nf1 Rxd1 23. Rxd1 Rd8 24. Rxd8+ Qxd8 25. c4 Qd7
26. Nd2 f6 27. b3 Kf7 28. h3 Qd6 29. f3 Qd7 30. Kf2 Qd6 31. Ke2 Qd7 32. Nb1
c6 33. Nc3 Qd6 34. Na4 Kg7 35. Nb2 Kf7 36. Na4 f5 37. Qb1 fxe4 38. fxe4 Kg8
39. Qg1 Qe7 40. Qf2 Bf7 41. Nb2 Be6 42. Nd3 Bf7 43. Qg3 Bc7 44. Qg5 Qxg5
45. Bxg5 Kg7 46. Be7 Be8 47. Bxc5 a5 48. Bf2 Bf7 49. Nc5 Kf8 50. Kd3 Ke7
51. Nb7 Kd7 52. Be1 Kc8 53. Nxa5 Bxa5 54. Bxa5 Kd7 55. Bb4 Be6 56. Bc5 Kc7
57. Ke3 Bc8 58. Kf3 1-0